000 00496cam a2200157 4500500
005 20260329015610.0
041 _afre
042 _adc
100 1 0 _aJoindot, Michel
_eauthor
700 1 0 _aJoindot, Irène
_eauthor
245 0 0 _aOptical fibers for telecommunications
260 _c2026.
500 _a29
786 0 _nOptics and photonics | - | 2026-03-05 | p. 4-4
856 4 1 _uhttps://stm.cairn.info/optical-telecommunications--bdti42454210-e7110-page-4?lang=en&redirect-ssocas=7080
999 _c1899351
_d1899351